| 000 | | | 03688nmc2a22002413x 450 |
| 001 | | | 875d6387-f6bc-413b-a03f-f4b054c87648 |
| 005 | | | 20250621132724.0 |
| 100 | ## | $a | 20241206l18411843k l0rusy0189 ca |
| 101 | 0# | $a | rus |
| 102 | ## | $a | RU |
| 105 | ## | $a | y### |
| 122 | 2# | $a | d |
| 200 | 1# | $a | Дело о неприличном поступке некоторых студентов Дерптского университета на лекции профессора Преллера. Тут же и об увольнении по этому случаю некоторых (нескольких) студентов из университета |
| | $j | 16 декабря 1841 г. - 30 марта 1843 г. |
| 215 | ## | $a | 29 л. |
| | $d | 36,5х26 см |
| 251 | ## | $c | Дело |
| 300 | ## | $a | На обложке указано: "№99" |
| 371 | ## | $a | Документ не является опубликованным и широко распространяемым |
| 461 | #0 | $1 | 0012b5b8419-5ce4-4d16-a7a3-85720a295f1f |
| | $1 | 2001 |
| | $a | Канцелярия министра народного просвещения |
| | $1 | 251 |
| | $c | Фонд |
| | $1 | 852 |
| | $j | 735 |
| 462 | #0 | $1 | 001562cc287-b13c-4f02-8029-f81535ba1e2e |
| | $1 | 2001 |
| | $a | Канцелярия министра народного просвещения |
| | $1 | 251 |
| | $c | Опись |
| | $1 | 852 |
| | $j | 2 |
| 801 | #0 | $a | RU |
| | $b | РГИА |
| | $c | 20241206 |
| | $g | RCR |
| 801 | #1 | $a | RU |
| | $b | ГлавНИВЦ |
| | $c | 20241206 |
| | $2 | rusmarc |
| 801 | #2 | $a | RU |
| | $b | ПБ им. Б.Н. Ельцина |
| | $c | 20250621 |
| | $g | RCR |
| | $2 | rusmarc |
| 850 | ## | $a | РГИА |
| 852 | ## | $a | РГИА |
| | $e | Федеральное казенное учреждение "Российский государственный исторический архив" (РГИА) |
| | $j | 277 |
| 937 | ## | $h | РГИА |
| | $d | 12421195 |
| | $a | ASBIBLIO_SCAN |
| 035 | ## | $a | RusGRCC00083067 |
| 856 | ## | $u | http://readingroom.main.prlib.ru/item.aspx?id_node=n196841509&mode=full |